[Event "Chess.com SIG Bullet KO"]
[Site "chess.com INT"]
[Date "2021.04.07"]
[Round "2.7"]
[White "Naroditsky, Daniel"]
[Black "Tang, Andrew"]
[Result "1-0"]
[WhiteTitle "GM"]
[BlackTitle "GM"]
[WhiteElo "2621"]
[BlackElo "2538"]
[WhiteFideId "2026961"]
[BlackFideId "2059630"]
[EventDate "2021.04.06"]

1. e4 e5 2. Nf3 Nc6 3. Bb5 g6 4. c3 Bg7 5. d4 exd4 6. cxd4 a6 7. Ba4 b5 8. Bb3
Na5 9. Bc2 Ne7 10. O-O O-O 11. Nc3 d6 12. Re1 c5 13. d5 Nc4 14. h3 h6 15. Rb1 f5
16. exf5 Bxf5 17. Ne4 Nb6 18. Nh4 Bc8 19. Ng3 g5 20. Ng6 Nxg6 21. Bxg6 Qf6 22.
Qc2 Bb7 23. Nh5 Qd8 24. Bh7+ Kh8 25. Nxg7 Kxg7 26. Qg6+ Kh8 27. Qxh6 Qc7 28.
Bf5+ Kg8 29. Be6+ Rf7 30. Bxg5 Bxd5 31. Bf6 1-0

[Event "Chess.com SIG Bullet KO"]
[Site "chess.com INT"]
[Date "2021.04.07"]
[Round "2.8"]
[White "Tang, Andrew"]
[Black "Naroditsky, Daniel"]
[Result "1-0"]
[WhiteTitle "GM"]
[BlackTitle "GM"]
[WhiteElo "2538"]
[BlackElo "2621"]
[WhiteFideId "2059630"]
[BlackFideId "2026961"]
[EventDate "2021.04.06"]

1. d4 Nf6 2. c4 g6 3. Nc3 Bg7 4. e4 d6 5. Nge2 O-O 6. f3 c5 7. d5 e6 8. Ng3 exd5
9. cxd5 Re8 10. Be2 a6 11. a4 h5 12. Bg5 Nbd7 13. Qd2 Qc7 14. O-O c4 15. Rac1
Rb8 16. h3 b5 17. b4 bxa4 18. Nxa4 Ne5 19. f4 Qa7+ 20. Kh2 Nd3 21. Rxc4 Bd7 22.
Bxd3 Bxa4 23. Rcc1 Bb5 24. Bxf6 Bxf6 25. e5 dxe5 26. Ne4 Bg7 27. f5 Bxd3 28.
Qxd3 Qd4 29. Qf3 Qxb4 30. Rc7 Rbc8 31. fxg6 Rxc7 32. gxf7+ Kf8 33. fxe8=Q+ Kxe8
34. Qxh5+ Kd8 35. Qg5+ Kc8 36. Qg4+ Kb8 37. d6 Rb7 38. d7 Qe7 39. Rd1 Qd8 40.
Nc5 Rb6 41. Ne6 Rxe6 42. Qxe6 Ka7 43. Rb1 e4 44. Qd5 Qc7+ 45. Kh1 Bf6 46. Rd1
Bd8 47. Qxe4 a5 48. Qd5 Ka6 49. Rb1 Ka7 50. Qb5 Qb6 51. Qxb6+ Bxb6 52. Rxb6 1-0

[Event "Chess.com SIG Bullet KO"]
[Site "chess.com INT"]
[Date "2021.04.07"]
[Round "2.9"]
[White "Naroditsky, Daniel"]
[Black "Tang, Andrew"]
[Result "1-0"]
[WhiteTitle "GM"]
[BlackTitle "GM"]
[WhiteElo "2621"]
[BlackElo "2538"]
[WhiteFideId "2026961"]
[BlackFideId "2059630"]
[EventDate "2021.04.06"]

1. e4 e5 2. Nf3 Nc6 3. Nc3 Nf6 4. g3 Bc5 5. Bg2 d6 6. O-O Bg4 7. d3 Nd4 8. Be3
Qd7 9. a3 a6 10. b4 Ba7 11. Rb1 h5 12. h4 Nh7 13. Bxd4 Bxd4 14. Nd5 c6 15. Ne3
Bxe3 16. fxe3 g5 17. Qe1 Bxf3 18. Rxf3 Rg8 19. Qf2 Rg7 20. Kh2 O-O-O 21. Rf1 f6
22. hxg5 fxg5 23. Rf7 Rxf7 24. Qxf7 Qxf7 25. Rxf7 Rd7 26. Rf5 Rg7 27. Bf3 g4 28.
Bg2 Ng5 29. d4 exd4 30. exd4 Kd7 31. c3 Ke6 32. d5+ cxd5 33. Rxd5 Nf7 34. Rxh5
Rg8 35. c4 Rc8 36. c5 dxc5 37. bxc5 Ne5 38. Rh6+ Kd7 39. Rh7+ Kc6 40. Re7 Nd3
41. e5+ Kxc5 42. e6 Kd6 43. Rd7+ Kxe6 44. Rxd3 b5 45. Re3+ Kf5 46. Rd3 Rc2 47.
Kg1 Ra2 48. Re3 a5 49. Bf1 b4 50. axb4 axb4 51. Bd3+ Kg5 52. Bc4 Ra5 53. Rb3 Rc5
54. Rxb4 Ra5 55. Rb5+ 1-0

[Event "Chess.com SIG Bullet KO"]
[Site "chess.com INT"]
[Date "2021.04.07"]
[Round "2.10"]
[White "Tang, Andrew"]
[Black "Naroditsky, Daniel"]
[Result "0-1"]
[WhiteTitle "GM"]
[BlackTitle "GM"]
[WhiteElo "2538"]
[BlackElo "2621"]
[WhiteFideId "2059630"]
[BlackFideId "2026961"]
[EventDate "2021.04.06"]

1. d4 Nf6 2. c4 d6 3. Nc3 Bf5 4. f3 e5 5. e4 exd4 6. Qxd4 Nc6 7. Qd2 Be6 8. b3
g6 9. Bb2 Bg7 10. Nge2 a5 11. Nf4 Nd7 12. Be2 O-O 13. h4 Nc5 14. h5 a4 15. Nxa4
Bxb2 16. Nxb2 Nxb3 17. Qc3 Nxa1 18. hxg6 fxg6 19. Nxe6 Qf6 20. Qxf6 Rxf6 21.
Nxc7 Rxa2 22. Nd3 Nc2+ 23. Kf2 N2d4 24. Nc1 Rc2 25. Nd5 Rf7 26. Ke3 Nxe2 27.
Nxe2 Rxc4 28. Nef4 Ne7 29. Nb6 Rb4 30. Nbd5 Nxd5+ 31. Nxd5 Rb2 32. g4 Rb3+ 33.
Kd4 Rbxf3 34. g5 Rg3 35. Nf6+ Kh8 36. Rc1 Rxg5 37. Rc8+ Kg7 38. Ne8+ Kh6 39.
Nxd6 Rd7 40. e5 Re7 41. Rf8 Rgxe5 42. Nf7+ Rxf7 43. Rxf7 Rb5 44. Ke4 Rb4+ 45.
Kf3 b5 0-1

[Event "Chess.com SIG Bullet KO"]
[Site "chess.com INT"]
[Date "2021.04.07"]
[Round "2.11"]
[White "Naroditsky, Daniel"]
[Black "Tang, Andrew"]
[Result "0-1"]
[WhiteTitle "GM"]
[BlackTitle "GM"]
[WhiteElo "2621"]
[BlackElo "2538"]
[WhiteFideId "2026961"]
[BlackFideId "2059630"]
[EventDate "2021.04.06"]

1. e4 e6 2. d4 d5 3. Nd2 dxe4 4. Nxe4 Nd7 5. Nf3 Ngf6 6. Nxf6+ Nxf6 7. Be3 Be7
8. Bd3 O-O 9. Qe2 Qd5 10. Ne5 c5 11. Bc4 Qe4 12. f3 Qh4+ 13. Bf2 Qh6 14. dxc5
Nd5 15. Ng4 Qh5 16. O-O-O Nb4 17. Qe5 Qg6 18. Bb3 a5 19. Qc3 Nc6 20. Ba4 h5 21.
Bxc6 hxg4 22. Bd7 Bf6 23. Bd4 Bxd7 24. Bxf6 Bc6 25. Be5 Rfd8 26. Bd6 Rac8 27. a3
b6 28. Qd3 Qxd3 29. Rxd3 bxc5 30. Rhd1 c4 31. Rc3 gxf3 32. gxf3 Bd5 33. Be5 f6
34. Bd4 Kf7 35. Bf2 Rh8 36. h4 Rh5 37. b3 Rf5 38. Rd4 Rxf3 39. Rxf3 Bxf3 40.
bxc4 Bc6 41. Rd6 a4 42. Bb6 Ke7 43. c5 e5 44. Rd3 f5 45. Rg3 Kf6 46. Re3 f4 47.
Re1 Kf5 48. Ba5 e4 49. Bd2 e3 50. Bxe3 fxe3 51. Rxe3 Re8 52. Rc3 Re1+ 53. Kb2
Re4 54. Rd3 Rxh4 55. Rd6 Rh6 56. Rd3 Rf6 57. Re3 g5 58. Rc3 g4 59. Rc4 Rg6 60.
Rc3 g3 61. Re3 g2 62. Re2 g1=Q 63. Rf2+ Qxf2 64. Kc3 Qxc5+ 65. Kb2 Rg2 66. Ka1
Qxa3+ 67. Kb1 Rg1# 0-1

[Event "Chess.com SIG Bullet KO"]
[Site "chess.com INT"]
[Date "2021.04.07"]
[Round "2.12"]
[White "Tang, Andrew"]
[Black "Naroditsky, Daniel"]
[Result "1-0"]
[WhiteTitle "GM"]
[BlackTitle "GM"]
[WhiteElo "2538"]
[BlackElo "2621"]
[WhiteFideId "2059630"]
[BlackFideId "2026961"]
[EventDate "2021.04.06"]

1. d4 Nf6 2. c4 d6 3. Nc3 Bf5 4. f3 e5 5. e4 exd4 6. Qxd4 Nc6 7. Qd2 Be6 8. Nge2
g6 9. Nf4 Bg7 10. Be2 O-O 11. O-O Ne5 12. b3 Re8 13. Bb2 a5 14. Nxe6 fxe6 15. f4
Nc6 16. Bd3 Nd7 17. Rae1 Nc5 18. Bb1 a4 19. bxa4 Nxa4 20. Nxa4 Rxa4 21. f5 Ne5
22. fxg6 hxg6 23. Bxe5 dxe5 24. Qe2 Qd4+ 25. Kh1 Rf8 26. Qg4 Rxf1+ 27. Rxf1 Qxc4
28. Rd1 Ra8 29. h3 Rf8 30. Bd3 Qa4 31. Qxe6+ Kh7 32. Qg4 Rf4 33. Qe2 Rf2 34. Qg4
Rf4 35. Qe2 Rf2 36. Qxf2 Qxd1+ 37. Bf1 Qd4 38. Qh4+ Bh6 39. Be2 Qe3 40. Bf3 Qc1+
41. Kh2 Qf4+ 42. Qxf4 Bxf4+ 43. Kg1 Be3+ 44. Kf1 Bd4 45. Ke2 c5 46. Kd3 b5 47.
Bg4 c4+ 48. Kc2 b4 49. Be6 c3 50. Kb3 Bc5 51. Bg4 Bd6 52. Bd1 Kg7 53. Kc4 Kf6
54. Bc2 Ke7 55. Kd3 Bc5 56. Bb3 Kd6 57. Ba4 Bd4 58. Be8 Kc5 59. Bxg6 Bf2 60. Kc2
Bh4 61. g4 Bg5 62. Bf7 Bh4 63. Bd5 Bg5 64. Bb3 Bh4 65. Kd3 Bg5 66. Bc2 Bh4 67.
Bd1 Bg5 68. Kc2 b3+ 69. Kxb3 Kd4 70. Bc2 Bd2 71. a4 Ke3 72. g5 Kd4 73. g6 1-0

[Event "Chess.com SIG Bullet KO"]
[Site "chess.com INT"]
[Date "2021.04.07"]
[Round "2.13"]
[White "Naroditsky, Daniel"]
[Black "Tang, Andrew"]
[Result "0-1"]
[WhiteTitle "GM"]
[BlackTitle "GM"]
[WhiteElo "2621"]
[BlackElo "2538"]
[WhiteFideId "2026961"]
[BlackFideId "2059630"]
[EventDate "2021.04.06"]

1. e4 e5 2. Nf3 Nc6 3. Nc3 Nf6 4. g3 d5 5. exd5 Nxd5 6. Bg2 Nxc3 7. bxc3 Bd6 8.
O-O O-O 9. d3 Be6 10. Ng5 Bd7 11. Qh5 Bf5 12. Rb1 Bg6 13. Qe2 Rb8 14. h4 h6 15.
h5 Bf5 16. Ne4 Be7 17. Be3 Be6 18. f4 exf4 19. Bxf4 Bxa2 20. Rbe1 Be6 21. Qf2
Bg4 22. Nc5 Bxh5 23. Nxb7 Rxb7 24. Bxc6 Rb6 25. Be4 Bf6 26. d4 Qd7 27. Qh2 Bg4
28. Bd3 Rd8 29. Re3 Re6 30. Rfe1 Rde8 31. Qf2 c5 32. dxc5 Bxc3 33. Rxe6 Rxe6 34.
Rxe6 Bxe6 35. Be3 Bd5 36. Qf4 Qe8 37. Kf2 Be6 38. Qd6 Bb4 39. c3 Ba5 40. c6 Qc8
41. Be4 Bc7 42. Qc5 a5 43. Qb5 Qd8 44. Bf4 Bb6+ 45. Kf3 Qd1+ 46. Kg2 Qd8 47. Qd3
Qxd3 48. Bxd3 Bd5+ 49. Kf1 Bxc6 50. Ke2 a4 51. Bb1 Bd5 52. Kd3 Be6 53. c4 Bf5+ 0-1

[Event "Chess.com SIG Bullet KO"]
[Site "chess.com INT"]
[Date "2021.04.07"]
[Round "2.14"]
[White "Tang, Andrew"]
[Black "Naroditsky, Daniel"]
[Result "0-1"]
[WhiteTitle "GM"]
[BlackTitle "GM"]
[WhiteElo "2538"]
[BlackElo "2621"]
[WhiteFideId "2059630"]
[BlackFideId "2026961"]
[EventDate "2021.04.06"]

1. d4 Nf6 2. c4 d6 3. Nc3 Bf5 4. f3 e5 5. e4 exd4 6. Qxd4 Nc6 7. Qd2 Be6 8. b3
g6 9. Nge2 Bg7 10. Bb2 O-O 11. Nf4 a5 12. Be2 Nd7 13. O-O Nc5 14. Ncd5 Ne5 15.
Rad1 c6 16. Ne3 Qg5 17. Nxe6 Nxe6 18. g3 Nf4 19. Kh1 Nxe2 20. Qxe2 Qe7 21. f4
Nd7 22. Bxg7 Qxe4+ 23. Qf3 Qxf3+ 24. Rxf3 Kxg7 25. Rxd6 Nc5 26. f5 Rae8 27. Kg2
Re4 28. fxg6 hxg6 29. Kf2 Rfe8 30. h4 R4e7 31. Rd4 Ne4+ 32. Ke2 Nc3+ 33. Kd3
Nxa2 34. Ng4 Nb4+ 35. Kd2 Re2+ 36. Kc1 Re1+ 37. Rd1 Na2+ 38. Kc2 R8e2+ 39. Rd2
Nb4+ 0-1

[Event "Chess.com SIG Bullet KO"]
[Site "chess.com INT"]
[Date "2021.04.07"]
[Round "2.15"]
[White "Naroditsky, Daniel"]
[Black "Tang, Andrew"]
[Result "0-1"]
[WhiteTitle "GM"]
[BlackTitle "GM"]
[WhiteElo "2621"]
[BlackElo "2538"]
[WhiteFideId "2026961"]
[BlackFideId "2059630"]
[EventDate "2021.04.06"]

1. e4 e5 2. Nf3 Nc6 3. Nc3 Nf6 4. g3 d5 5. exd5 Nxd5 6. Bg2 Nxc3 7. bxc3 Bd6 8.
O-O O-O 9. d3 Bg4 10. h3 Bh5 11. Rb1 Rb8 12. Re1 Re8 13. g4 Bg6 14. Ng5 Qd7 15.
Be3 b6 16. Qf3 Ne7 17. Qg3 Qa4 18. h4 e4 19. Bf4 Bxf4 20. Qxf4 Nd5 21. Qg3 Nxc3
22. h5 Nxb1 23. hxg6 hxg6 24. Rxb1 Qxc2 25. Re1 exd3 26. Rxe8+ Rxe8 27. Bd5 Qc1+ 0-1

[Event "Chess.com SIG Bullet KO"]
[Site "chess.com INT"]
[Date "2021.04.07"]
[Round "2.16"]
[White "Tang, Andrew"]
[Black "Naroditsky, Daniel"]
[Result "1-0"]
[WhiteTitle "GM"]
[BlackTitle "GM"]
[WhiteElo "2538"]
[BlackElo "2621"]
[WhiteFideId "2059630"]
[BlackFideId "2026961"]
[EventDate "2021.04.06"]

1. d4 Nf6 2. c4 d6 3. Nc3 Bf5 4. g3 Nbd7 5. Bg2 c6 6. Nf3 h6 7. O-O e5 8. b3 Be7
9. Bb2 O-O 10. Re1 e4 11. Nd2 d5 12. Nf1 Re8 13. Ne3 Be6 14. Rc1 a6 15. cxd5
cxd5 16. Na4 Nf8 17. Nc5 Bc8 18. f3 b6 19. Na4 Bb7 20. Nc3 exf3 21. exf3 Ne6 22.
Qd2 b5 23. Nf5 Bf8 24. Re2 Qb6 25. Nd1 Rac8 26. Rxc8 Rxc8 27. Bh3 Ng5 28. Bg2
Rd8 29. h4 Ne6 30. Bh3 Kh7 31. Kg2 g6 32. Nfe3 h5 33. Nc2 Bh6 34. Qd3 Bc8 35.
Nf2 Qc7 36. Re1 Re8 37. Bc1 Bxc1 38. Rxc1 Qd6 39. Qd2 Bd7 40. Re1 Kg7 41. Nd3
Nc7 42. Ne5 Bxh3+ 43. Kxh3 Ne6 44. Kg2 Rc8 45. Ne3 Qb6 46. Rd1 Re8 47. f4 Nc7
48. Qd3 Qe6 49. f5 gxf5 50. Nxf5+ Kf8 51. Rf1 Ne4 52. Qe3 Qf6 53. Nh6 Re6 54.
Rxf6 Rxf6 55. Nhxf7 Ne6 56. Ng5 Ng7 57. Nh7+ Ke7 58. Nxf6 Kxf6 59. Qh6+ 1-0

[Event "Chess.com SIG Bullet KO"]
[Site "chess.com INT"]
[Date "2021.04.07"]
[Round "3.1"]
[White "Tang, Andrew"]
[Black "Firouzja, Alireza"]
[Result "0-1"]
[WhiteTitle "GM"]
[BlackTitle "GM"]
[WhiteElo "2538"]
[BlackElo "2759"]
[WhiteFideId "2059630"]
[BlackFideId "12573981"]
[EventDate "2021.04.06"]

1. d4 Nf6 2. c4 e6 3. Nc3 Bb4 4. Qc2 b6 5. e4 c5 6. d5 Qe7 7. Ne2 exd5 8. exd5
O-O 9. Bd2 d6 10. O-O-O Nbd7 11. Ng3 Re8 12. Nf5 Qf8 13. f4 a6 14. g4 b5 15. Rg1
Nb6 16. g5 Bxf5 17. Qxf5 Nfd7 18. cxb5 c4 19. a3 Bc5 20. Rg3 g6 21. Qg4 Qg7 22.
Rh3 Bd4 23. Qf3 Nc5 24. bxa6 Nb3+ 25. Kc2 Rxa6 26. Kb1 Rb8 27. f5 gxf5 28. Qxf5
Qg6 29. Qxg6+ hxg6 30. Ne4 Na4 31. Bb4 Nxb2 32. Rxd4 Nxd4 33. Kxb2 Nf5 34. Bxc4
Rab6 35. Nf6+ Kg7 36. Rh7+ Kf8 37. Kc3 Ke7 38. Ne4 Rc8 39. Kb3 Rcb8 40. h4 Nd4+
41. Kc3 Nf3 42. h5 Ne5 43. hxg6 Rc8 44. gxf7 Rxc4+ 45. Kb3 Rxe4 46. g6 Nxg6 47.
Rg7 Nf8 48. Rg3 Rexb4+ 49. axb4 Kxf7 50. Re3 Nd7 51. Rf3+ Ke7 52. Rc3 Kd8 53.
Rc7 Kxc7 54. Kc4 Ne5+ 55. Kc3 Nd7 56. Kc4 Nf6 57. b5 Nxd5 58. Kxd5 Rxb5+ 59. Kc4
Rc5+ 60. Kd4 Kc6 61. Ke4 d5+ 62. Kd4 Rc4+ 63. Kd3 Kc5 64. Ke3 Re4+ 65. Kd3 d4
66. Kxe4 Kc4 67. Kf3 d3 0-1

[Event "Chess.com SIG Bullet KO"]
[Site "chess.com INT"]
[Date "2021.04.07"]
[Round "3.2"]
[White "Firouzja, Alireza"]
[Black "Tang, Andrew"]
[Result "1-0"]
[WhiteTitle "GM"]
[BlackTitle "GM"]
[WhiteElo "2759"]
[BlackElo "2538"]
[WhiteFideId "12573981"]
[BlackFideId "2059630"]
[EventDate "2021.04.06"]

1. e4 e5 2. Nf3 Nc6 3. Bb5 g6 4. c3 a6 5. Ba4 Bg7 6. d4 exd4 7. cxd4 b5 8. Bb3
Na5 9. O-O Ne7 10. Bd2 Nxb3 11. Qxb3 d5 12. e5 O-O 13. Bb4 Re8 14. Rc1 Bg4 15.
Nbd2 Nf5 16. Ba5 Rc8 17. h3 Bxf3 18. Nxf3 Qd7 19. g4 Ne7 20. Rc5 h5 21. Nh2 Nc6
22. Bc3 Rcd8 23. Rd1 Bf8 24. Rxc6 Qxc6 25. gxh5 gxh5 26. Kh1 Kh7 27. Rg1 Qe6 28.
Qc2+ Kh8 29. Rg5 Qh6 30. Qf5 Qxg5 31. Qxg5 Bg7 32. Qxh5+ Kg8 33. Ng4 Re6 34. Bd2
c5 35. Bg5 Rc8 36. Bf6 Kf8 37. Qh7 Bxf6 38. exf6 Ke8 39. Ne5 Rxf6 40. Qh8+ Ke7 1-0

[Event "Chess.com SIG Bullet KO"]
[Site "chess.com INT"]
[Date "2021.04.07"]
[Round "3.3"]
[White "Tang, Andrew"]
[Black "Firouzja, Alireza"]
[Result "0-1"]
[WhiteTitle "GM"]
[BlackTitle "GM"]
[WhiteElo "2538"]
[BlackElo "2759"]
[WhiteFideId "2059630"]
[BlackFideId "12573981"]
[EventDate "2021.04.06"]

1. d4 Nf6 2. c4 e6 3. Nc3 Bb4 4. Qc2 b6 5. e4 c5 6. d5 Qe7 7. Ne2 exd5 8. exd5
O-O 9. Bd2 d6 10. O-O-O Re8 11. Ng3 a6 12. Bd3 Nbd7 13. Nf5 Qf8 14. f4 b5 15.
cxb5 Nb6 16. bxa6 c4 17. Be2 Rxa6 18. a3 Bc5 19. Rhe1 Bd7 20. g4 g6 21. Ng3 Nxg4
22. Nce4 Na4 23. Bxc4 Rb6 24. Bc3 Nxc3 25. Qxc3 Reb8 26. b4 Bxb4 27. axb4 Rxb4
28. h3 Rxc4 29. Qxc4 Rc8 30. Rd4 Qg7 31. Qxc8+ Bxc8 32. Rc4 Qa1+ 33. Kd2 Qa5+
34. Nc3 Ba6 35. Ra4 Qb6 36. Rxa6 Qb2+ 37. Kd3 Nf2+ 38. Ke3 Nxh3 39. Nge2 Kg7 40.
Rxd6 g5 41. Rc6 Nxf4 42. Nxf4 gxf4+ 43. Kxf4 Qf2+ 44. Ke4 Qxe1+ 45. Kd4 Qg3 46.
Kc5 Qxc3+ 47. Kb6 Qd4+ 48. Kc7 Qxd5 0-1

[Event "Chess.com SIG Bullet KO"]
[Site "chess.com INT"]
[Date "2021.04.07"]
[Round "3.4"]
[White "Firouzja, Alireza"]
[Black "Tang, Andrew"]
[Result "1-0"]
[WhiteTitle "GM"]
[BlackTitle "GM"]
[WhiteElo "2759"]
[BlackElo "2538"]
[WhiteFideId "12573981"]
[BlackFideId "2059630"]
[EventDate "2021.04.06"]

1. e4 e5 2. Nf3 Nc6 3. Bb5 g6 4. c3 a6 5. Ba4 Bg7 6. d4 exd4 7. cxd4 b5 8. Bb3
Na5 9. O-O Ne7 10. Bd2 Nxb3 11. Qxb3 d5 12. e5 O-O 13. Bb4 Re8 14. Rc1 Bg4 15.
Nbd2 Nf5 16. h3 Bxf3 17. Nxf3 a5 18. Bc5 Qd7 19. Qd3 Bh6 20. Rc2 Ng7 21. b3 Ne6
22. Ba3 b4 23. Bc1 Bf8 24. Be3 a4 25. Rac1 axb3 26. axb3 Ra3 27. Nh2 h5 28. Rc6
Be7 29. f4 Ng7 30. Rxc7 Qf5 31. Rd1 Ra1 32. Rcc1 Ra2 33. Nf3 Qe4 34. Qxe4 dxe4
35. Nd2 Nf5 36. Nc4 Rc8 37. Bf2 Rd8 38. d5 Bf8 39. Ne3 Ng7 40. d6 Rb2 41. Nd5
Rxb3 42. Bb6 Kh8 43. Bxd8 1-0

[Event "Chess.com SIG Bullet KO"]
[Site "chess.com INT"]
[Date "2021.04.07"]
[Round "3.5"]
[White "Tang, Andrew"]
[Black "Firouzja, Alireza"]
[Result "0-1"]
[WhiteTitle "GM"]
[BlackTitle "GM"]
[WhiteElo "2538"]
[BlackElo "2759"]
[WhiteFideId "2059630"]
[BlackFideId "12573981"]
[EventDate "2021.04.06"]

1. d4 Nf6 2. c4 e6 3. Nc3 Bb4 4. Qc2 b6 5. e4 c5 6. d5 Qe7 7. Ne2 exd5 8. exd5
O-O 9. f3 d6 10. Bd2 Nbd7 11. O-O-O Re8 12. Ng3 Qd8 13. Bd3 Ne5 14. Rhe1 a6 15.
Bg5 h6 16. Bf4 Nxd3+ 17. Qxd3 Rxe1 18. Rxe1 b5 19. a3 Ba5 20. Nge4 Bf5 21. Re3
b4 22. axb4 cxb4 23. Ne2 Bb6 24. Nd4 Bg6 25. Re2 Nxe4 26. fxe4 Qf6 27. Be3 Re8
28. Bf2 Rxe4 29. Rxe4 Qxf2 30. Qe2 Qg1+ 31. Qe1 Qxg2 32. Re8+ Kh7 33. Ne2 Qg5+
34. Qd2 Qf5 35. Kd1 Qf1+ 36. Qe1 Qf3 37. Qg3 Qf5 38. Nf4 Qb1+ 39. Ke2 Qxb2+ 40.
Kf1 Qf6 41. Kg2 b3 42. Nxg6 fxg6 43. Rb8 Qd4 44. Qf3 b2 45. Qf1 Qd2+ 46. Kh3
Qc3+ 47. Kg4 h5+ 48. Kh4 Qd4+ 49. Kh3 Qg4# 0-1

[Event "Chess.com SIG Bullet KO"]
[Site "chess.com INT"]
[Date "2021.04.07"]
[Round "3.6"]
[White "Firouzja, Alireza"]
[Black "Tang, Andrew"]
[Result "0-1"]
[WhiteTitle "GM"]
[BlackTitle "GM"]
[WhiteElo "2759"]
[BlackElo "2538"]
[WhiteFideId "12573981"]
[BlackFideId "2059630"]
[EventDate "2021.04.06"]

1. e4 e5 2. Nf3 Nc6 3. Bb5 Bc5 4. c3 Qf6 5. b4 Bb6 6. a4 a6 7. Bc4 Nge7 8. d3 d6
9. Bg5 Qg6 10. Nbd2 h6 11. Be3 Bxe3 12. fxe3 Be6 13. Qe2 O-O 14. O-O Rad8 15. b5
Na5 16. Bxe6 Qxe6 17. c4 axb5 18. axb5 b6 19. Nh4 Nb7 20. Nf5 Nc5 21. Qg4 Nxf5
22. exf5 Qf6 23. d4 exd4 24. exd4 Nd7 25. Rad1 Rfe8 26. Ne4 Qe7 27. f6 Qf8 28.
h4 Re6 29. Rd3 Rde8 30. Rf4 g6 31. Rdf3 h5 32. Qg5 Rxe4 33. Rf5 Rg4 34. Qd2 gxf5
35. Rxf5 Rg6 36. Qf4 Re6 37. Rxh5 Nxf6 38. Rf5 Qg7 39. Qf3 Ng4 40. Qa8+ Kh7 41.
Rf1 Qxd4+ 42. Rf2 Qxf2+ 0-1

[Event "Chess.com SIG Bullet KO"]
[Site "chess.com INT"]
[Date "2021.04.07"]
[Round "3.7"]
[White "Tang, Andrew"]
[Black "Firouzja, Alireza"]
[Result "0-1"]
[WhiteTitle "GM"]
[BlackTitle "GM"]
[WhiteElo "2538"]
[BlackElo "2759"]
[WhiteFideId "2059630"]
[BlackFideId "12573981"]
[EventDate "2021.04.06"]

1. d4 Nf6 2. g4 Nxg4 3. e4 d5 4. Be2 Nh6 5. Bxh6 gxh6 6. exd5 Qxd5 7. Bf3 Qb5 8.
Ne2 c6 9. Nbc3 Qa5 10. Qd3 Bf5 11. Be4 Bg6 12. O-O-O Nd7 13. Bxg6 hxg6 14. d5 c5
15. d6 e6 16. Nf4 O-O-O 17. Kb1 Bg7 18. Ne4 Ne5 19. Qb3 Nc6 20. c3 Qb6 21. Qc4
Ne5 22. Qe2 Qc6 23. Rhe1 Rhe8 24. Nd3 Nd7 25. f4 e5 26. Qf2 f5 27. Ng3 e4 28.
Nc1 Re6 29. Nb3 Rxd6 30. Na5 Rxd1+ 31. Rxd1 Qa4 32. Nb3 c4 33. Rd4 Bxd4 34. Qxd4
Nb6 35. Qc5+ Qc6 36. Qxc6+ bxc6 37. Nd4 Kd7 38. Kc1 Nd5 39. Nde2 Rf8 40. b3 cxb3
41. axb3 g5 42. fxg5 hxg5 43. c4 Nf4 44. Nd4 Nd3+ 45. Kc2 f4 46. Nxe4 Ne5 47.
Nxg5 f3 48. Nge6 Rf6 49. Nc5+ Ke7 50. Ne4 f2 51. Nxf2 Rxf2+ 52. Kc3 Rxh2 53. Kb4
Kd6 54. Nf5+ Kc7 55. Ne3 Nd7 56. Ng4 c5+ 57. Ka4 Re2 58. Ka3 Re4 59. Nf2 Rd4 60.
Nd1 Ne5 61. Nc3 Kc6 62. Nb5 Rxc4 63. bxc4 Nxc4+ 64. Ka4 Nb6+ 65. Ka5 Nc8 66. Ka6
c4 67. Nc3 Kc5 68. Ka5 Nd6 69. Na4+ Kc6 70. Nb2 Nb7+ 71. Kb4 c3 72. Nc4 c2 73.
Na5+ Kd5 0-1

[Event "Chess.com SIG Bullet KO"]
[Site "chess.com INT"]
[Date "2021.04.07"]
[Round "3.8"]
[White "Firouzja, Alireza"]
[Black "Tang, Andrew"]
[Result "0-1"]
[WhiteTitle "GM"]
[BlackTitle "GM"]
[WhiteElo "2759"]
[BlackElo "2538"]
[WhiteFideId "12573981"]
[BlackFideId "2059630"]
[EventDate "2021.04.06"]

1. e4 e6 2. d4 d5 3. Nc3 dxe4 4. Nxe4 Nd7 5. Nf3 Ngf6 6. Bd3 c5 7. Nxc5 Nxc5 8.
dxc5 Bxc5 9. O-O O-O 10. Qe2 b6 11. Be3 Qc7 12. Bxc5 Qxc5 13. Qe5 Qc6 14. Nd4
Qe8 15. Bb5 Bd7 16. Bxd7 Nxd7 17. Rad1 Nxe5 18. Rfe1 Nc6 0-1

[Event "Chess.com SIG Bullet KO"]
[Site "chess.com INT"]
[Date "2021.04.07"]
[Round "3.9"]
[White "Tang, Andrew"]
[Black "Firouzja, Alireza"]
[Result "0-1"]
[WhiteTitle "GM"]
[BlackTitle "GM"]
[WhiteElo "2538"]
[BlackElo "2759"]
[WhiteFideId "2059630"]
[BlackFideId "12573981"]
[EventDate "2021.04.06"]

1. d4 Nf6 2. c4 e6 3. Nc3 Bb4 4. Qc2 b6 5. e4 c5 6. d5 Qe7 7. Ne2 exd5 8. exd5
O-O 9. Bd2 d6 10. O-O-O Ng4 11. Be1 Qg5+ 12. Kb1 Bf5 13. Rd3 Ne5 14. Nc1 Nbd7
15. a3 Ba5 16. Ka2 Nxc4 17. Qd1 Bxd3 18. Bxd3 Nce5 19. Bc2 Qe7 20. f4 Ng6 21.
Bd2 Rfe8 22. h4 h6 23. h5 Ngf8 24. Qf3 Nf6 25. g4 Bxc3 26. Bxc3 Qe3 27. Qg2 Ne4
28. Be1 Qxf4 29. Rf1 Qe5 30. Rf5 Qe7 31. Nd3 Nh7 32. Rf4 Nhg5 33. Bh4 f6 34. Rf1
c4 35. Nf4 Qe5 36. Be1 a5 37. Qe2 a4 38. Qxc4 Rec8 39. Qd3 Nc5 40. Qg6 Qe8 41.
Qf5 Qd7 42. Qg6 Qf7 43. Qf5 Re8 44. Bh4 Re5 45. Qg6 Qxg6 46. Nxg6 Re3 47. Bxg5
hxg5 48. Bf5 Re2 49. Rh1 Rae8 50. h6 gxh6 51. Rxh6 Kg7 52. Rh5 Rxb2+ 53. Kxb2
Re2+ 54. Kc3 Re8 55. Kc4 Ne4 56. Nf4 gxf4 57. Rh7+ Kg8 58. Rh8+ Kxh8 59. g5 Nxg5
60. Bg4 Re5 0-1

[Event "Chess.com SIG Bullet KO"]
[Site "chess.com INT"]
[Date "2021.04.07"]
[Round "3.10"]
[White "Firouzja, Alireza"]
[Black "Tang, Andrew"]
[Result "1-0"]
[WhiteTitle "GM"]
[BlackTitle "GM"]
[WhiteElo "2759"]
[BlackElo "2538"]
[WhiteFideId "12573981"]
[BlackFideId "2059630"]
[EventDate "2021.04.06"]

1. e4 e5 2. Nf3 Nc6 3. Bb5 Bc5 4. c3 Qf6 5. d3 Nge7 6. Bg5 Qg6 7. O-O O-O 8.
Bxe7 Bxe7 9. Bxc6 dxc6 10. Nxe5 Qh6 11. Nd2 f5 12. Ndf3 fxe4 13. dxe4 Be6 14.
Nd4 Rad8 15. Qa4 Bd6 16. Nef3 Bg4 17. e5 Bc5 18. Qc4+ Rd5 19. Rae1 Kh8 20. Re4
Bh5 21. Rh4 Qg6 22. Rh3 h6 23. Rg3 Qe8 24. Qe2 Bxd4 25. cxd4 Rxd4 26. Qe3 Rdf4
27. Re1 Qe6 28. Nd4 Qd5 29. Nf3 Qe6 30. Nd4 Qd5 31. Nf3 Qxa2 32. e6 Bxf3 33. e7
Bd5 34. Qe5 Rg8 35. e8=Q 1-0